Cases and materials on Nigerian Taxation (Record no. 28046)

MARC details
000 -LEADER
fixed length control field 00380nam a2200157Ia 4500
020 ## - INTERNATIONAL STANDARD BOOK NUMBER
ISBN 9789351453871
050 ## - CALL MARK
Classification number KP 84.5 .A2/
100 ## - STATEMENT OF RESPONSIBILITY--MAIN AUTHOR NAME
Personal name Abdulrazaq, Taofeeq
245 #0 - TITLE STATEMENT
Title Cases and materials on Nigerian Taxation
250 ## - EDITION / VOLUME STATEMENT
Edition / Volume statement 1st edition
260 ## - PUBLICATION, DISTRIBUTION, ETC. (IMPRINT)
Year of publication 2016
300 ## - PHYSICAL DESCRIPTION
Number of Pages 699 p
942 ## - ADDED ENTRY ELEMENTS (KOHA)
Koha item type Books
Holdings
Withdrawn status Lost status Source of classification or shelving scheme Damaged status Not for loan Permanent Location Current Location Shelving location Date acquired Accession Number Price effective from Koha item type
    Library of Congress Classification     Law Library Law Library Items on shelf 04/23/2025 0190867 04/23/2025 Books